[Event "Klubbmesterskapet 2014 (A)"]
[Site "Ås, Akershus NOR"]
[Date "2014.03.13"]
[Round "6"]
[White "Flügel, Stefan"]
[Black "Fuglseth, Jan"]
[Result "1-0"]
[WhiteElo "1681"]
[BlackElo "1584"]
[Annotator "Furnes,Torstein"]
[PlyCount "105"]
[EventDate "2014.01.16"]

1. f4 d5 2. Nf3 Nf6 3. d3 e6 4. g3 c5 5. Bg2 Nc6 6. O-O Bd6 7. Nc3 ({Relevant:
} 7. Qe1 d4 8. Na3 O-O 9. c3 dxc3 10. bxc3 Bc7 11. Rb1 Rb8 12. Kh1 b6 13. Nb5
Bb7 14. f5 exf5 15. Bg5 Bd6 16. Nh4 g6 17. e4 Be7 18. exf5 Ng4 19. Bf4 Bxh4 20.
gxh4 Nce5 21. Qg3 Bxg2+ 22. Kxg2 a6 23. d4 cxd4 24. cxd4 Qd5+ 25. Kg1 axb5 26.
dxe5 Qd4+ 27. Kg2 Qe4+ 28. Kg1 Qd4+ 29. Kh1 Qe4+ 30. Qg2 Nf2+ 31. Kg1 Qxf4 32.
Rxf2 Qxe5 33. h5 Kh8 34. fxg6 fxg6 35. hxg6 Rxf2 36. g7+ Qxg7 {Shivananda,B 
(2363)-Lokesh,P (2231) Mumbai 2012 1/2-1/2}) 7... a6 8. e4 dxe4 9. dxe4 Bc7
$146 ({Predecessor:} 9... e5 10. fxe5 Nxe5 11. Bf4 Qc7 12. Nxe5 Bxe5 13. Nd5
Nxd5 14. exd5 O-O 15. d6 Bd4+ 16. Qxd4 {1-0 (16) Gnegel,B-Grummich,H Bad
Wiessee 1997}) 10. Be3 Qe7 11. h3 O-O 12. e5 Nd7 13. Ne4 f6 14. exf6 gxf6 15.
Qd3 Nb4 16. Qc4 b6 17. Rad1 Bb7 18. Nh4 Bd5 19. Qe2 f5 20. Ng5 Bxg2 21. Kxg2
Nf6 22. Bd2 e5 23. Nxf5 Qd7 24. fxe5 Qd5+ 25. Nf3 Rae8 26. Bf4 Qe6 27. Nh6+ Kh8
28. Qd2 Nh5 29. Ng4 Nxf4+ 30. gxf4 Rg8 31. Qd7 h5 32. Rh1 Nxc2 33. Ng5 Rxg5 34.
fxg5 Qg6 35. Qxc7 hxg4 36. hxg4+ Kg8 37. Rh6 $11 ({Hvit vinner etter} 37. Rd8
$18 Ne3+ (37... Qe4+ 38. Kg3 Qe3+ 39. Kh4 Rxd8 40. Qxd8+ Kg7 41. Qf6+ Kg8 42.
Rf1) 38. Kg1 Rxd8 (38... Nxg4 39. Rxe8+ Qxe8 40. Qh7+ Kf8 41. g6) 39. Qxd8+ Kf7
40. Qd7+ Kg8 41. Qc8+ Kg7 42. Qh8+ Kf7 43. Rh7+ Ke6 44. Rh6) 37... Qe4+ 38. Kg3
Ne1 ({Etter} 38... Ne3 $11 {mener Fritz 11 at svart holder remis med
evigsjakk-trusler. F.eks.} 39. Rd8 (39. Rg1 Qxg4+ 40. Kf2 (40. Kh2 Qf4+ 41. Kh3
Qf3+ 42. Kh2 Qf4+ 43. Kh3 Qf3+) 40... Nd1+ 41. Kf1 (41. Rxd1 Qf4+ 42. Ke2 Rxe5+
43. Qxe5 Qxe5+) 41... Ne3+ 42. Kf2 Nd1+ 43. Kf1) (39. Rd7 Qg2+ 40. Kf4 Nd5+ 41.
Rxd5 Qf2+ 42. Ke4 Qe2+ 43. Kf4 Qf2+ 44. Ke4 Qe2+) 39... Qg2+ 40. Kf4 Nd5+ 41.
Rxd5 Qf2+ 42. Ke4 Qe2+ 43. Kf4 Qf2+ 44. Ke4 Qe2+) 39. Qh7+ Qxh7 40. Rxh7 Kxh7
41. Rxe1 Kg6 42. Rh1 Kxg5 43. Rh5+ Kg6 44. Kf4 Rf8+ 45. Rf5 Rb8 46. Rf6+ Kg7
47. Kf5 a5 48. g5 b5 49. g6 Rh8 50. Rf7+ Kg8 51. e6 Rh5+ 52. Kf6 Rh2 53. Rg7+
1-0

[Event "Klubbmesterskapet 2014 (A)"]
[Site "Ås, Akershus NOR"]
[Date "2014.03.06"]
[Round "6"]
[White "Lea, Per"]
[Black "Bakken, Svein-Erik"]
[Result "1-0"]
[WhiteElo "1662"]
[BlackElo "1408"]
[Annotator "Lea, Per"]
[PlyCount "95"]
[EventDate "2014.01.16"]

1. e4 c5 2. Nf3 Nc6 3. d4 cxd4 4. Nxd4 a6 5. c4 Qc7 6. Nc3 e6 7. a3 Nf6 8. b4
d6 (8... Qe5 $1 9. Be3 Nxe4 10. Nxe4 Qxe4) 9. Bb2 Be7 10. Be2 O-O 11. O-O Bd7
12. Rc1 Qd8 13. Kh1 Rc8 14. f4 h6 15. Bf3 Ne8 16. Re1 Nxd4 17. Qxd4 Bc6 18. b5
axb5 19. cxb5 Bd7 20. a4 e5 21. fxe5 dxe5 22. Qxe5 Rc5 23. Qd4 Rg5 24. Rcd1 Nf6
25. e5 Ng4 26. h3 $2 (26. Ne4 $1 Bf5 27. Nxg5 Qxd4 28. Rxd4 Nf2+ 29. Kg1 Nd3
30. Rxd3 (30. Re2 Bc5)) 26... Nxe5 27. Rxe5 Bf6 28. Qxd7 Rxe5 29. Qxd8 Bxd8 30.
Bxb7 Rfe8 31. Rd7 $2 (31. Ne4 $1 R5e7 32. Bc6 Rf8 33. Ba3) 31... Re1+ 32. Kh2
Bb6 33. Bd5 Bg1+ 34. Kg3 Rf1 35. Ne4 Kh8 36. Nd6 Re3+ 37. Bf3 Re6 38. Nxf7+ Kh7
39. Rd8 Rg6+ 40. Kf4 Re6 41. Rh8+ Kg6 42. Ne5+ Rxe5 43. Kxe5 Bh2+ 44. Ke4 Rf2
45. Bd4 Ra2 46. Rg8 Kf7 (46... Rxa4 $4 47. Rxg7#) 47. Rxg7+ Kf8 48. Ra7 1-0

[Event "Klubbmesterskapet 2014 (A)"]
[Site "Ås, Akershus NOR"]
[Date "2014.03.06"]
[Round "6"]
[White "Kielland-Lund, Jon"]
[Black "Furnes, Torstein"]
[Result "1/2-1/2"]
[WhiteElo "1609"]
[BlackElo "1595"]
[Annotator "Furnes, Torstein"]
[PlyCount "67"]
[EventDate "2014.01.16"]

1. c4 e5 2. Nc3 Nf6 3. Nf3 Nc6 4. e3 Bb4 5. Qc2 Bxc3 6. Qxc3 Qe7 7. a3 d5 8. d4
exd4 9. Nxd4 Nxd4 10. Qxd4 c5 11. Qh4 O-O ({Relevant:} 11... dxc4 12. Bxc4 Be6
13. Bb5+ Nd7 14. Qxe7+ Kxe7 15. Bd2 Rac8 16. Rc1 Rhd8 17. Ba5 b6 18. Bc3 f6 19.
O-O Bb3 {1/2-1/2 (19) Vitiugov,N (2720)-Tomashevsky,E (2707) Olginka 2011}) 12.
cxd5 Nxd5 13. Qxe7 Nxe7 14. Be2 Be6 15. Bf3 Bd5 $146 {En nyhet som ikke finnes
i Chessbase sin database.} ({Predecessor:} 15... Rab8 16. Bd2 b5 17. O-O Bb3
18. Rfc1 Rfc8 19. Kf1 f6 20. Ke1 Ng6 21. Be4 Ne5 22. Bc3 Re8 23. Bxe5 Rxe5 24.
Bf3 a5 25. Rc3 Be6 26. Rd3 c4 27. Rd6 Kf7 28. Kd2 b4 29. axb4 Rxb4 30. Kc1 Reb5
31. Rd2 Rb3 32. Rc2 Ke7 33. Ra4 c3 34. bxc3 Rb1+ 35. Kd2 Bb3 36. Re4+ Re5 37.
Rxe5+ fxe5 38. Rc1 Rb2+ 39. Kd3 a4 40. c4 Kd6 41. c5+ Kc7 42. Kc3 Rxf2 43. Kb4
h6 44. h3 Rb2 45. Ka3 {Banas,J (2334)-Papp,G (2471) Ungarn 2005 0-1 (66)}) 16.
Bxd5 Nxd5 17. Ke2 Rad8 18. Bd2 Rd7 19. Rac1 b6 20. Rhd1 Rfd8 21. b4 cxb4 22.
Bxb4 f5 23. Rd4 Nxb4 24. Rxd7 Rxd7 25. axb4 Kf7 26. Rc4 Ke6 27. f3 g5 28. g4
fxg4 29. Rxg4 h6 30. Rc4 Kf5 31. h3 h5 32. Rc8 h4 33. Rf8+ Ke5 34. Rg8 {Fritz
11 vurderer stillingen som helt lik (0.00)} 1/2-1/2

[Event "Klubbmesterskapet 2014 (A)"]
[Site "Ås, Akershus NOR"]
[Date "2014.03.06"]
[Round "6"]
[White "Moberg, Jan Rune"]
[Black "Holm, Bjarne"]
[Result "0-1"]
[WhiteElo "1506"]
[BlackElo "1447"]
[Annotator "Lea, Per"]
[PlyCount "46"]
[EventDate "2014.01.16"]

1. Nf3 d6 2. d4 Nf6 3. Bg5 Nbd7 4. Nbd2 h6 5. Bh4 b6 6. e3 Bb7 7. Be2 e5 8. O-O
Be7 9. c3 e4 10. Ne1 O-O 11. c4 d5 12. b3 c5 13. cxd5 Nxd5 14. Bxe7 Qxe7 15.
dxc5 $4 Nc3 16. Qc2 Nxe2+ 17. Kh1 Qxc5 18. Qxc5 Nxc5 19. Nc4 Rfd8 20. Nc2 Nd3
21. g3 Rac8 22. Rad1 Nxf2+ 23. Rxf2 Rxd1+ 0-1

[Event "Klubbmesterskapet 2014 (A)"]
[Site "Ås, Akershus NOR"]
[Date "2014.03.20"]
[Round "7"]
[White "Lange, Holger"]
[Black "Lea, Per"]
[Result "1-0"]
[WhiteElo "1634"]
[BlackElo "1662"]
[Annotator "Per Lea & Holger Lange"]
[PlyCount "119"]
[EventDate "2014.01.16"]

{Kommentarer ved Holger Lange (HL) og Per Lea (PL)} 1. e4 e5 2. Nf3 Nc6 3. d4
exd4 4. Nxd4 Bc5 5. Nxc6 Qf6 ({I mitt første møte med denne varianten fikk jeg
visse problemer etter} 5... dxc6 6. Qxd8+ Kxd8 7. Bc4 Nf6 8. Bg5 Re8 {men
klarte å vri meg ut av dem og til og med snu partiet til seier (Harry
Pettersen - Per Lea, Oslomesterskapet, klasse B 1973) (PL). Her var hvit
plutselig ute av boka. Hva spiller man egentlig her? Df3? De2? Det siste er
det vanligste i følge databasen, men der det ikke ganske rart ut? (HL)}) 6. Qe2
({Også} 6. Qf3 bxc6 (6... dxc6 7. Bc4 Qxf3 8. gxf3 Ne7 9. Be3 Bxe3 10. fxe3 Ng6
11. f4 {er spillbart, som i Anastasia Edakina - Per Lea, Østlandsserien 2012/
2013 (1-0, 42 trekk)(PL)})) 6... Qxc6 7. Nc3 Nf6 8. Qb5 {Her følte hvit seg
skikkelig amatørmessig. Å bytte ut dronningen for å få ut løperen tyder på at
noe har gått galt allerede. Åpningssfordelen er i hvert fall borte (HL).} O-O
9. Qxc6 dxc6 (9... bxc6 {og senere ...d5 ser litt mer naturlig ut, men det er
mer et spørsmål om smak og behag. Forskjellen ser minimal ut (HL).}) 10. Bd3
Ng4 11. O-O f5 12. Nd1 {Overforsiktig, men hvit vil for en hver pris unngå
komplikasjoner med slag på f2 sammen med åpnimg av f-linja for svart (PL).} (
12. h3 Nxf2 13. Bc4+ {Viktig mellomsjakk! (HL)} Kh8 14. Rxf2 fxe4 15. Nxe4
Bxf2+ 16. Nxf2 {men det ser ut som alt er i orden for hvit allikevel (HL).})
12... Ne5 13. Be3 Nxd3 14. cxd3 Bxe3 15. Nxe3 Be6 16. b3 ({Hvit vurderte flere
andre muligherer, som} 16. Rfd1) ({eller} 16. f3 {men alle ser omtrent like ut,
stillingen er omtrent i balanse her (HL).}) 16... Rad8 17. Rfd1 Rd7 18. Kf1 c5
19. Rac1 b6 20. Ke2 f4 21. Nf1 ({Eller} 21. Nc4 Bxc4 22. dxc4 Rfd8 23. Rxd7
Rxd7 {Jeg var veldig usikker her, men hadde på følelsen at tårnbyttet fører
til remis og hadde håp om mer pga. fribonde på e4 mot svarte dobbeltbønder (HL)
.}) 21... g5 22. f3 g4 23. Nd2 h5 24. Nc4 Bxc4 {Svart slo á tempo og ga
inntrykk av at det var en lettelse å bli kvitt springeren. Hvit får fordel
hvis han slår med d-bonden. Her tenkte jeg i flere minutter før jeg slo
tilbake ... og kastet bort fordelen: (HL)} 25. Rxc4 Rd4 26. Rxd4 cxd4 27. Rc1
c5 28. b4 Rc8 29. Rc4 Kf7 30. g3 fxg3 31. hxg3 gxf3+ 32. Kxf3 Ke6 33. bxc5 bxc5
34. Ra4 Rf8+ 35. Kg2 Rb8 {Hvit vinner en bonde, men alt ligger innenfor
remisgrensen. I slike tårnsluttspill har merbonden som oftest ikke så mye å si.
Mitt håp var å vinne h-bonden i tillegg, men objektivt er stillingen
fullstendig lik (HL).} 36. Rxa7 Rb2+ 37. Kh3 (37. Kf3 Rd2 38. Ra3 Ke5 {og hvit
må gi tilbake bonden: (HL)} 39. Rb3 Rxa2 40. Rb5 Kd6 41. Rb6+ Kc7 42. Rb3 {
uten håp om å kunne gjøre noe framskritt. Derfor er 37.Kf3 en invitasjon til
remis. 37.Kh3 er likevel risikabelt (HL).}) 37... Rd2 38. Ra3 Ke5 39. Kh4 {Her
måtte svart tenke hardt og lenge, men hadde kun 5 minutter igjen på klokka (HL)
.} Rxd3 {Offeret er sannsynligvis korrekt i den forstand at det leder til
remis ved beste spill, men svart fant ikke den rette fortsettelsen (PL).} (
39... Rh2+ 40. Kg5 Rh3 41. g4 h4 {ble feilaktig forkastet som en kjedelig
remisvariamt, men er litt bedre for svart (PL).Etter tårnofferet sier maskinen
0.00, men hvem er i stand til å regne på dette med få minutter igjen på
klokka? (HL)}) ({Jeg hadde regnet med} 39... Rh2+ 40. Kg5 Rg2 41. Kh4 Rh2+ 42.
Kg5 {og remis, men svart kan spille bedre (HL).}) 40. Rxd3 {Ikke noe valg! (HL)
} Kxe4 $4 {Tapstrekk! Også hvit mente etter partiet at det var naturlig å slå
bonden, men det er en feilvurdering (HL).} (40... c4 41. Rd1 c3 42. Rc1 Kxe4
43. Kg5 d3 44. Rxc3 d2 45. Rc4+ Ke3 (45... Kd3 46. Rc8 Ke2 47. Rd8 {og hvit
vinner}) (45... Kd5 $4 46. Rc8 {1-0}) (45... Ke5 46. Rc8 d1=Q 47. Re8+ Kd4 48.
Rd8+ {1-0}) 46. Rc3+ Ke4 47. Rc4+ {med remis (PL).}) 41. Rd1 d3 $4 42. Re1+ $2
{Jeg har lært regelen : tårnet bak fribøndene, egne eller motstanderens. Inen
regel uten unntak- her kaster hvit bort seieren. Vurderingen faller fra +10
til 0!(HL)} (42. a4 $1 c4 43. a5 c3 44. a6 c2 45. Rf1 d2 46. a7 d1=Q 47. a8=Q+
Ke3 48. Qa3+ Ke2 49. Qf3+ Kd2 50. Rxd1+ cxd1=Q 51. Qxd1+ Kxd1 52. Kxh5 {1-0 
(PL)}) 42... Kd4 43. Re8 $2 {Tapstrekk! Nå er det plutselig svart som har
vinststilling! (PL)} (43. a4 c4 44. a5 d2 45. Ra1 c3 46. a6 c2 47. Ra4+ Kc3 48.
a7 c1=Q 49. a8=Q d1=Q $14 {(PL)}) 43... c4 44. Rd8+ Ke3 45. a4 c3 46. a5 c2 47.
a6 {Å ofre tårnet er helt unødvendig, svart får jony dame uansett. Mitt siste
håp var at jeg kan forvandle a-bonden og ha åttenderaden grdert med tårmet.
Men svart er egentlig ett trekk for rask (HL).} c1=Q 48. a7 Qd1 (48... Qc4+ {
vinner enda lettere:} 49. Kg5 (49. Kh3 Qe6+ 50. Kh2 Qa2+ {og svart vinner
a-bonden og partiet}) 49... Qc5+ {med samme resultat som i 49.Kh3-varianten 
(PL). Houdini finner matt i 16 trekk her, men det gjør ikke vi... (HL)}) 49.
Re8+ Kd2 $4 {Tapstrekket (PL)- hvor mange har vi hatt så langt? (HL)} (49...
Kf2 50. Rf8+ Kg1 51. Kg5 Qg4+ 52. Kh6 Qe6+ 53. Kg7 Qe5+ 54. Kh6 Qe3+ 55. Kh7
Qxa7+ {1-0 (PL)}) 50. Kg5 $1 {Nå er alt snudd på hodet: hvit står til vinst
igjen! (PL)} Qg4+ 51. Kh6 Qxg3 52. a8=Q Qf4+ 53. Kxh5 $2 {Gir svart
remissjanser (PL)} Qf5+ 54. Kh4 Qf4+ 55. Kh3 Qf1+ $4 {Taper partiet på nytt -
denne gangen for godt (PL/HL)} (55... Qf5+ 56. Kh2 Qh5+ 57. Kg3 Qg5+ 58. Kf2
Qc5+ 59. Kf3 Qf5+ {og hvit klarer ikke å komme unna remissjakkene (PL).}) 56.
Qg2+ Qxg2+ 57. Kxg2 Kc1 58. Rc8+ Kd1 59. Kf2 d2 60. Rd8 {Oppgitt. Det er matt
i 14 trekk (HL).} 1-0

[Event "Klubbmesterskapet 2014 (A)"]
[Site "Ås, Akershus NOR"]
[Date "2014.03.20"]
[Round "7"]
[White "Holm, Bjarne"]
[Black "Flügel, Stefan"]
[Result "0-1"]
[WhiteElo "1447"]
[BlackElo "1681"]
[Annotator "Lea, Per"]
[PlyCount "174"]
[EventDate "2014.01.16"]

1. Nf3 Nc6 {Langt fra det vanligste, men det er jo ikke noe galt med trekket.
Av partiene på www.chesslive.de er det ca. 25 ganger så mange som velger den
andre springeren i stedet.} 2. g3 d5 3. d4 Bg4 4. Bg2 Qd7 5. h3 Bf5 6. Nc3 f6
7. a3 (7. Nh4 Be6 8. e4 Bf7 9. exd5 Nb4 10. d6 cxd6 {ser godt ut for hvit})
7... O-O-O 8. Nh4 {Etter at svart har fått gardert bøndene på d5 og b7 er ikke
dette springerutfallet like farlig.} Be6 9. b3 g5 10. Nf3 h5 11. Bb2 Bf5 12. e3
Nh6 13. Qe2 Nf7 14. O-O-O e6 15. Kb1 (15. e4 {virker litt unaturlig etter at
e-bonden har gått ett skritt fram bare tre trekk tidligere, men her var det
kanskje den eneste muligheten til å få en ørliten fordel}) 15... Nd6 16. Nd2
Qh7 17. Rc1 Na5 $2 18. Na4 (18. e4 $16) 18... c6 $2 19. Bc3 (19. Nc5 Nb5 20. a4
Nc7 21. e4 Bg6 $16) 19... Qc7 20. Ka2 Nb5 21. Bb2 Nd6 22. c4 ({Igjen er} 22.
Nc5 {et mer aggressivt forsøk}) 22... Qf7 23. cxd5 exd5 24. Rc5 Ndc4 25. Bxd5
Rxd5 26. Rxd5 $4 (26. bxc4 Bxc5 27. Nxc5 {og hvit holder så vidt hodet over
vannet}) 26... Nxd2 27. Rxf5 Qxb3+ 28. Ka1 Nac4 (28... Qc2 {med
dobbelt-trussel: tårnet på f5 pluss springersjakk på b3 med avdekker på
dronninga var enda sterkere}) 29. Qd1 Qd3 30. Rxf6 $4 {virker naturlig,} ({men
} 30. Bc3 {taper mindre materiell}) 30... Nxb2 31. Kxb2 Qxa3+ 32. Kc2 Bb4 33.
Qa1 Qb3+ 34. Kc1 Qc4+ $2 (34... Nc4 {med matt-trussel er klart bedre. Etter
teksttrekket får hvit nesten litt motspill.}) 35. Kd1 Qd3 36. Nb2 Qe4 37. Ke2 {
med helt lik stilling} a5 38. Nd3 Nb3 39. f3 $2 (39. Qb2 Qxh1 40. Qxb3 Qxh3 41.
Nxb4 axb4 42. Rf7 {er fordelaktig for hvit - til tross for minusbonden}) 39...
Qe7 {[%emt 0:00:00]} 40. Qb2 Qxf6 41. Qxb3 Rf8 42. f4 gxf4 43. gxf4 Qg7 44.
Qe6+ Kd8 45. Ne5 Qg2+ 46. Kd3 Qd2+ 47. Ke4 Qg2+ 48. Kd3 Qd2+ 49. Ke4 Qg2+ 50.
Kd3 {Her spurte ne om hvordan man skulle avgjøre om samme stilling hadde
oppstått tre ganger (klokkene stoppes, stillingen på brettet noteres (eller
noen passer på at stillingen ikke endres) og partiet spilles gjennom på et
annet brett.), kfr. FIDEs regler for sjakk, paragraf 9.5. Men hvit ville bare
at de skulle spille videre - og slik ble det.} Kc7 51. Rd1 Rg8 52. Qf7+ Kb8 53.
Nd7+ Ka7 54. Qxh5 Qb2 {Svart har opparbeidet seg en liten fordel ("svarte
fribønder går fortest!"), som hvit med sitt neste trekk omgjør til vinnende
fordel - for svart. Herfra og ut var spillerne sannsynligvis i så stor tidsnød
at det ikke har noen hensikt å bruke spørsmålstegn lenger. (Ikke dermed sat at
alle trekkene var dårlige...)} 55. f5 Rg3 (55... Qc3+ 56. Ke4 Qc2+ 57. Rd3 Rg3
58. Ne5 Qg2+ 59. Kf4 Rxh3 60. Qg4 Qh2+ 61. Ke4 (61. Kg5 Rg3) 61... Rh4 {men
alt det var det ikke så lett å se, spesielt fordi begge spillerne var i ferd
med å gå inn i en dramatisk tidsnød.}) 56. Qe2 Qb3+ 57. Ke4 Qd5+ 58. Kf4 Rxh3
59. Ne5 Qg8 60. Qg4 Qh7 61. Nf3 Qh6+ 62. Ke4 Bd6 63. Rg1 a4 64. Qg5 Qf8 65. f6
Rh6 66. Qg7 Qxf6 67. Qxf6 Rxf6 68. Ra1 b5 69. Ne5 Kb7 {Her var svart
millimetre fra å sette kongen på b6 - hvoretter hvit ville avgjort det hele
med en springergaffel på d7.} 70. Nd7 Re6+ 71. Kd3 Kc7 72. Nc5 Bxc5 73. dxc5
Re5 74. Kd4 Rd5+ 75. Ke4 Rxc5 76. Kf4 Kd6 77. e4 Ke6 78. Rh1 a3 79. Rh6+ Kd7
80. e5 a2 81. Rh7+ Ke6 82. Rh6+ Kd5 83. Rh1 b4 84. Kf5 Ra5 85. Rd1+ Kc4 86. Kf6
a1=Q 87. Rxa1 Rxa1 0-1

[Event "Klubbmesterskapet 2014 (A)"]
[Site "Ås, Akershus NOR"]
[Date "2014.03.20"]
[Round "7"]
[White "Furnes, Torstein"]
[Black "Moberg, Jan Rune"]
[Result "1-0"]
[WhiteElo "1595"]
[BlackElo "1506"]
[Annotator "Furnes,Torstein"]
[PlyCount "55"]

1. d4 d6 2. c4 c6 3. e4 Nd7 4. Nf3 e5 5. d5 {[%eval 7,17]} ({Relevant:} 5. Nc3
Ngf6 6. Be2 Be7 7. O-O O-O 8. Rb1 a6 9. b4 Qc7 10. Qc2 Re8 11. Rd1 h6 12. h3
Nf8 13. Be3 Ng6 14. dxe5 dxe5 15. Na4 Be6 16. Bb6 Qb8 17. Nc5 Nf4 18. Nxe6 Nxe6
19. c5 Bd8 20. Bc4 Bxb6 21. cxb6 Re7 22. a4 a5 23. b5 c5 24. Bxe6 Rxe6 25. Qxc5
Qf8 26. Rbc1 Nxe4 27. Qd5 Nf6 28. Qxb7 Rb8 29. Qa7 e4 30. Nd4 Rexb6 31. Nc6
R6b7 32. Qxa5 Re8 33. Rd8 Kh7 34. Rxe8 Qxe8 {Svidler,P (2769)-Topalov,V (2793)
Stavanger 2013 1-0}) 5... cxd5 {[%eval 21,17]} 6. exd5 $146 {[%eval 20,16]} ({
Predecessor (2):} 6. cxd5 a6 7. Nc3 b5 8. a3 Ngf6 9. Bd3 Be7 10. O-O O-O 11. h3
Bb7 12. Be3 Qb8 13. Rc1 Bd8 14. Qd2 Bb6 15. Bxb6 Nxb6 16. Qe3 Nbd7 17. Nd2 Nc5
18. Be2 Ncd7 19. Nb3 Qd8 20. Bd3 Nh5 21. Ne2 g6 22. Rc2 f5 23. Rfc1 f4 24. Qf3
Nhf6 25. Rc7 Nc5 26. Nxc5 Qxc7 27. Ne6 Qb6 28. Nxf8 Rxf8 29. g3 fxg3 30. Qxg3
Nh5 31. Qe3 Qd8 32. Ng3 Nf4 33. Bf1 Bc8 34. Kh2 Qh4 35. Nh1 Nxh3 {Dennis,N 
(1998)-Smith,A (2208) Gibraltar 2008 1-0}) 6... Be7 {[%eval 21,19]} 7. Nc3 {
[%eval 23,17]} f5 {[%eval 56,17]} 8. Qc2 {[%eval 55,16]} g6 {[%eval 85,17]} 9.
Be2 {[%eval 84,18]} Ngf6 {[%eval 79,16]} 10. b4 $6 {[%eval -14,18] Litt
tvilsomt. Bedre er rokade eller Sg5.} a5 {[%eval -13,17]} 11. bxa5 {[%eval -19,
16]} O-O {[%eval 1,16]} 12. O-O {[%eval -29,16]} Rxa5 {[%eval -1,16]} 13. Nb5 {
[%eval -30,18]} Nc5 {[%eval -29,16]} 14. Be3 {[%eval -30,16]} b6 {[%eval -31,
14]} 15. a4 {[%eval -40,16]} f4 {[%eval -10,18]} 16. Bxc5 {[%eval -7,17]} bxc5
{[%eval -6,16]} 17. Bd3 {[%eval -11,14]} Ne8 {[%eval -6,15]} 18. Nd2 {[%eval
-7,15]} Ng7 {[%eval -5,17]} 19. Ne4 {[%eval -42,17]} Nf5 {[%eval -45,15]} 20.
Ra3 {[%eval -62,16]} Bd7 {[%eval -37,16]} 21. Rb1 {[%eval -38,16]} g5 {[%eval
12,16]} 22. Qe2 {[%eval 1,15]} Be8 {[%eval 4,15]} 23. Bc2 {[%eval -9,17]} Bg6 {
[%eval 0,15]} 24. g4 {[%eval -32,18]} fxg3 {[%eval -16,15]} 25. fxg3 {[%eval
-25,16]} Qd7 {[%eval 0,17]} 26. Qd2 {[%eval 0,18]} h6 $2 {[%eval 585,17]} 27.
Qxa5 {[%eval 569,15]} Ne3 $2 {[%eval 1083,15]} 28. Rxe3 {[%eval 1077,15]} 1-0

[Event "Klubbmesterskapet 2014 (A)"]
[Site "Ås, Akershus NOR"]
[Date "2014.03.20"]
[Round "7"]
[White "Bakken, Svein-Erik"]
[Black "Kielland-Lund, Jon"]
[Result "1-0"]
[WhiteElo "1408"]
[BlackElo "1609"]
[Annotator "Furnes,Torstein"]
[PlyCount "59"]

1. d4 d5 2. c4 c6 3. Nc3 dxc4 4. e3 b5 5. Nf3 ({Relevant:} 5. a4 b4 6. Ne4 Qd5
7. Ng3 Nf6 8. Be2 g6 9. Nf3 Bg7 10. O-O Ba6 11. Bd2 h5 12. h4 c3 13. bxc3 bxc3
14. Bxc3 O-O 15. Bxa6 Nxa6 16. Qe2 Nc7 17. e4 Qd7 18. Ne5 Qe8 19. Qc4 Kh7 20.
Nxc6 Ng4 21. d5 Bxc3 22. Qxc3 f5 23. f3 Nf6 24. Qe5 Qd7 25. Qxe7+ Qxe7 26. Nxe7
fxe4 27. fxe4 Nd7 28. Rac1 Na6 29. Rxf8 Rxf8 30. Rc6 Nac5 31. e5 Nd3 32. e6
N7e5 33. Rc8 Rf4 34. Rc7 {1-0 (34) Mamedyarov,S (2757)-Ponomariov,R (2731)
Beijing 2013}) 5... Bb7 {[%eval 38,16]} 6. Ne5 {[%eval -39,18]} Nd7 {[%eval
-38,17]} 7. Qf3 $146 {[%eval -73,18]} ({Predecessor:} 7. Nxf7 Kxf7 8. Qf3+ Ngf6
9. Nxb5 cxb5 10. Qxb7 Nb6 11. g3 Qd5 12. Bg2 Qxb7 13. Bxb7 Rb8 14. Bc6 Nbd5 15.
Bd2 e6 16. a3 Be7 {0-1 (16) Maupin,V (2021)-Aout,S (2198) Creon 2004}) 7...
Nxe5 {[%eval -72,17]} 8. dxe5 {[%eval -73,17]} Qc7 {[%eval -75,17]} 9. Qg3 {
[%eval -76,16]} e6 {[%eval -66,17]} 10. Be2 {[%eval -97,19]} Ne7 {[%eval -97,
17]} 11. Ne4 {[%eval -154,18]} Ng6 {[%eval 4,19]} ({Fritz vil heller spille} 
11... Nf5 12. Qf4 Bb4+ 13. Bd2 Bxd2+ 14. Nxd2 $17) 12. Nd6+ {[%eval 3,19]} Bxd6
{[%eval 1,18]} 13. exd6 {[%eval 1,16]} Qd7 {[%eval 34,17]} 14. Bd2 {[%eval -14,
18]} c5 {[%eval -3,16]} 15. Ba5 {[%eval -36,18]} O-O {[%eval -30,16]} 16. Bc7 {
[%eval -50,19]} f5 {[%eval -53,17]} 17. f4 {[%eval -58,17]} Rfc8 {[%eval -7,16]
} 18. Bf3 {[%eval -60,17]} Rxc7 {[%eval -25,17]} 19. dxc7 {[%eval -30,19]} Qxc7
{[%eval -24,17]} 20. O-O {[%eval -38,19]} Bd5 {[%eval -37,17]} 21. Rfd1 {
[%eval -38,18]} Ne7 {[%eval -41,16]} 22. Rd2 {[%eval -42,15]} a5 {[%eval -35,
16]} 23. Rad1 {[%eval -35,16]} Qb7 {[%eval 15,16]} 24. h4 {[%eval -16,16]} a4 {
[%eval -15,19]} 25. e4 {[%eval -16,19]} fxe4 {[%eval -63,17]} 26. Bxe4 {[%eval
-64,16]} Bxe4 $16 {[%eval 161,19]} (26... Rf8) 27. Rd7 {[%eval 162,20]} Nf5 {
[%eval 163,19]} 28. Qg5 {[%eval 161,21]} h6 {[%eval 157,19]} 29. Qg6 {[%eval
156,18]} Qxd7 {[%eval 569,21]} (29... Qc8 30. Qxe6+ Kh8 31. Qxe4 Nd4) 30. Rxd7
{[%eval 568,20]} 1-0